000 00669nam a2200205 i 4500
001 40245
003 ES-MaACL
005 20240627063050.0
007 t|
008 030305s1963 sp ||||1| spa d
100 0 _aCarriedo, Gabino-Alejandro,
_d1923-1981
_935738
245 1 0 _aPolítica agraria
_b: con cuatro grabados en linóleo de Ricardo Zamorano /
_cGabino-Alejandro Carriedo.
250 _a[1ª ed.].
260 _aMadrid :
_bPoesía de España,
_c1963.
300 _a61 p., 4 lám. ;
_c17 cm.
700 1 _aZamorano, Ricardo.
_9117958
852 _aES-MaACL
_jC-24713
_bR.53612
852 _aES-MaACL
_jC-26491
_bR.55168
999 _c40245
_d40245